[Event "Astrakhan op"]
[Site "Astrakhan"]
[Date "2013.08.21"]
[Round "8"]
[White "Ozolin, Maxim"]
[Black "Gorbatov, Alexej"]
[Result "1/2-1/2"]
[WhiteElo "2401"]
[BlackElo "2370"]
[PlyCount "124"]
[EventDate "2013.08.14"]
[EventType "swiss"]
[EventRounds "9"]
[EventCountry "RUS"]
[SourceTitle "CBM 156 Extra"]
[Source "ChessBase"]
[SourceDate "2013.10.22"]
[SourceVersion "1"]
[SourceVersionDate "2013.10.22"]
[SourceQuality "1"]

1. e4 e5 2. Nf3 Nc6 3. Bb5 a6 4. Ba4 Nf6 5. 0-0 Be7 6. Re1 b5 7. Bb3 0-0 8. c3 d6 9. d4 Bg4 10. Be3 Na5 11. dxe5 Bxf3 12. Qxf3 dxe5 13. Bc2 Nc4 14. Bc1 Bc5 15. b3 Nd6 16. a4 b4 17. Be3 Bxe3 18. Qxe3 bxc3 19. Nxc3 a5 20. Rad1 Qb8 21. Qc5 Qa7 22. Qxa7 Rxa7 23. Nd5 Nxd5 24. Rxd5 f6 25. Rc5 Kf7 26. Rd1 Ke7 27. f3 Kd7 28. Kf2 c6 29. Rc1 Rb8 30. h4 Rb6 31. g3 Nb7 32. Rd1+ Ke7 33. Rc3 Ra8 34. f4 g6 35. Rd2 Rd8 36. Rxd8 Kxd8 37. Ke3 Ke7 38. g4 exf4+ 39. Kxf4 Nd8 40. Ke3 Ne6 41. Bd3 Kd6 42. Bc4 h6 43. Rd3+ Ke7 44. Rd2 Nc5 45. Rf2 Ne6 46. h5 g5 47. Rf5 c5 48. e5 Nd4 49. exf6+ Rxf6 50. Rxc5 Rf4 51. Rxa5 Rxg4 52. Ra6 Nxb3 53. Bxb3 Rg3+ 54. Kd4 Rxb3 55. Kc4 Rh3 56. Rxh6 g4 57. a5 g3 58. a6 g2 59. Rg6 Rxh5 60. Kb4 Rh6 61. Rg7+ Kf8 62. Rxg2 Rxa6 1/2-1/2

[Event "Astrakhan op"]
[Site "Astrakhan"]
[Date "2013.08.18"]
[Round "5"]
[White "Kostitsina, Liubov"]
[Black "Ozolin, Maxim"]
[Result "0-1"]
[WhiteElo "2033"]
[BlackElo "2401"]
[PlyCount "36"]
[EventDate "2013.08.14"]
[EventType "swiss"]
[EventRounds "9"]
[EventCountry "RUS"]
[SourceTitle "CBM 156 Extra"]
[Source "ChessBase"]
[SourceDate "2013.10.22"]
[SourceVersion "1"]
[SourceVersionDate "2013.10.22"]
[SourceQuality "1"]

1. d4 Nf6 2. c4 e6 3. Nf3 Bb4+ 4. Bd2 Qe7 5. Qc2 Nc6 6. g3 Bxd2+ 7. Nbxd2 d6 8. Bg2 0-0 9. h3 e5 10. d5 Nb8 11. e4 a5 12. 0-0 Na6 13. b3 Nh5 14. Qc3 Nc5 15. a3 f5 16. exf5 Bxf5 17. g4 Nf4 18. gxf5 Ne2+ 0-1

[Event "Nezhmetdinov Memorial 35th"]
[Site "Kazan"]
[Date "2013.06.06"]
[Round "7"]
[White "Fakhrutdinov, Timur"]
[Black "Ozolin, Maxim"]
[Result "0-1"]
[WhiteElo "2128"]
[BlackElo "2387"]
[PlyCount "132"]
[EventDate "2013.05.31"]
[EventType "swiss"]
[EventRounds "9"]
[EventCountry "RUS"]
[SourceTitle "CBM 154 Extra"]
[Source "ChessBase"]
[SourceDate "2013.06.25"]
[SourceVersion "2"]
[SourceVersionDate "2013.06.25"]
[SourceQuality "1"]

1. e4 c5 2. Nf3 e6 3. d4 cxd4 4. Nxd4 a6 5. Nc3 b5 6. Bd3 Qb6 7. Nb3 Qc7 8. 0-0 Nf6 9. a3 Bb7 10. Qe2 d6 11. f4 Nbd7 12. Bd2 Be7 13. Rae1 e5 14. Kh1 Rc8 15. a4 b4 16. Na2 Nc5 17. Nxc5 dxc5 18. Bxa6 Bxa6 19. Qxa6 0-0 20. Qe2 Rcd8 21. Be3 Bd6 22. Bg1 Qc6 23. fxe5 Bxe5 24. b3 Bd4 25. e5 Nd5 26. Qc4 Nb6 27. Qa6 Ra8 28. Qe2 Rad8 29. Qa6 Ra8 30. Qe2 Rad8 31. Bxd4 Rxd4 32. c3 bxc3 33. Nxc3 Qe6 34. Qc2 c4 35. Qf2 Rdd8 36. bxc4 Nxc4 37. Qf4 Nb6 38. Qh4 Qc4 39. Qxc4 Nxc4 40. Rf4 Na5 41. Kg1 Rfe8 42. Rfe4 Rd2 43. Nb5 h6 44. e6 Rxe6 45. Rxe6 fxe6 46. Rxe6 Ra2 47. Re4 Kf7 48. h3 Kf6 49. Kh2 Nb3 50. Nc3 Ra1 51. g4 Nc5 52. Rc4 Nd3 53. Kg2 Ne5 54. Rb4 Nd3 55. Rb5 Ra3 56. Nd5+ Ke6 57. a5 Kd6 58. Nb6 Nf4+ 59. Kf1 Kc6 60. Rf5 Nxh3 61. Nc4 Ra2 62. Ne5+ Kd5 63. Nd7+ Ke4 64. Rb5 Nf4 65. Nc5+ Kf3 66. Kg1 Ne2+ 0-1

[Event "Izhevsk Corporation Cup-A 4th"]
[Site "Izhevsk"]
[Date "2012.07.17"]
[Round "3"]
[White "Lykov, Sergey"]
[Black "Ozolin, Maxim"]
[Result "1/2-1/2"]
[WhiteElo "2150"]
[BlackElo "2380"]
[PlyCount "72"]
[EventDate "2012.07.15"]
[EventType "swiss"]
[EventRounds "9"]
[EventCountry "RUS"]
[SourceTitle "EXT 2013"]
[Source "ChessBase"]
[SourceDate "2012.11.22"]
[SourceVersion "1"]
[SourceVersionDate "2012.11.22"]
[SourceQuality "1"]

1. d4 Nf6 2. Nf3 g6 3. Bg5 Bg7 4. Nbd2 c5 5. e3 0-0 6. c3 b6 7. a4 Nc6 8. Be2 d5 9. 0-0 Bb7 10. h3 a6 11. Rb1 h6 12. Bf4 Ne4 13. Nxe4 dxe4 14. Nd2 e5 15. dxe5 Nxe5 16. Nc4 Qe7 17. Nxe5 Bxe5 18. Bxe5 Qxe5 19. Qb3 Qc7 20. Rfd1 Rad8 21. Bc4 Kg7 22. Bd5 Rfe8 23. Bxb7 Qxb7 24. c4 Qc6 25. Rd5 Rxd5 26. cxd5 Qd6 27. Rd1 Re5 28. Qc4 b5 29. axb5 axb5 30. Qxb5 Rxd5 31. Rxd5 Qxd5 32. g3 Qd1+ 33. Kg2 Qf3+ 34. Kg1 Qd1+ 35. Kg2 Qf3+ 36. Kg1 Qd1+ 1/2-1/2

[Event "Moscow op-A"]
[Site "Moscow"]
[Date "2012.02.03"]
[Round "7"]
[White "Ozolin, Maxim"]
[Black "Rozanov, Pavel B"]
[Result "1-0"]
[WhiteElo "2375"]
[BlackElo "2223"]
[PlyCount "67"]
[EventDate "2012.01.28"]
[EventType "swiss"]
[EventRounds "9"]
[EventCountry "RUS"]
[SourceTitle "CBM 146 Extra"]
[Source "ChessBase"]
[SourceDate "2012.02.29"]
[SourceVersion "1"]
[SourceVersionDate "2012.02.29"]
[SourceQuality "1"]

1. d4 d5 2. c4 e6 3. Nc3 Nf6 4. Bg5 dxc4 5. e3 c5 6. Bxc4 cxd4 7. exd4 Be7 8. Nf3 Nc6 9. 0-0 0-0 10. a3 a6 11. Qd3 b5 12. Bb3 Bb7 13. Rad1 Rc8 14. Ne5 Na5 15. Bc2 g6 16. Bh6 Re8 17. Qg3 Nh5 18. Qg4 Nf6 19. Qg3 Nh5 20. Qg4 Nf6 21. Qf4 Nc4 22. Rd3 Nd6 23. Rg3 Kh8 24. Rh3 Kg8 25. g4 Bf8 26. Bxf8 Kxf8 27. Qh6+ Ke7 28. g5 Nd7 29. Qxh7 Nxe5 30. dxe5 Nf5 31. Bxf5 Rxc3 32. Bxg6 Qd5 33. Qxf7+ Kd8 34. Qxe8+ 1-0

[Event "Moscow op-A"]
[Site "Moscow"]
[Date "2012.02.02"]
[Round "6"]
[White "Myshkin, Nikita"]
[Black "Ozolin, Maxim"]
[Result "1/2-1/2"]
[WhiteElo "2268"]
[BlackElo "2375"]
[PlyCount "88"]
[EventDate "2012.01.28"]
[EventType "swiss"]
[EventRounds "9"]
[EventCountry "RUS"]
[SourceTitle "CBM 146 Extra"]
[Source "ChessBase"]
[SourceDate "2012.02.29"]
[SourceVersion "1"]
[SourceVersionDate "2012.02.29"]
[SourceQuality "1"]

1. d4 Nf6 2. c4 g6 3. Nc3 Bg7 4. g3 0-0 5. Bg2 d6 6. Nf3 Nbd7 7. 0-0 e5 8. e4 c6 9. h3 Re8 10. Be3 a5 11. Qc2 a4 12. d5 cxd5 13. cxd5 Qa5 14. Nd2 b5 15. b4 Qc7 16. Rac1 Ba6 17. Ne2 Qd8 18. a3 Rc8 19. Qd3 Nb6 20. Rxc8 Nxc8 21. Rc1 Ne7 22. Qc2 Qa8 23. Qc7 Bf8 24. Qa7 Qxa7 25. Bxa7 Bh6 26. Be3 Bxe3 27. fxe3 Rc8 28. Rxc8+ Nxc8 29. Nc3 Ne8 30. Kf2 Nc7 31. Bf1 Na7 32. Kf3 Bc8 33. g4 h6 34. Kg3 Bd7 35. Bd3 Nc8 36. Nf3 Kg7 37. Nh4 Nb6 38. Nf3 Kf6 39. Nd2 Nc8 40. Bf1 Ne7 41. Bg2 Ng8 42. Kh4 Kg7 43. Bf3 Ne7 44. Kg3 Ng8 1/2-1/2

[Event "Moscow op-A"]
[Site "Moscow"]
[Date "2012.02.01"]
[Round "5"]
[White "Ozolin, Maxim"]
[Black "Palachev, Petr"]
[Result "1/2-1/2"]
[WhiteElo "2375"]
[BlackElo "2287"]
[PlyCount "85"]
[EventDate "2012.01.28"]
[EventType "swiss"]
[EventRounds "9"]
[EventCountry "RUS"]
[SourceTitle "CBM 146 Extra"]
[Source "ChessBase"]
[SourceDate "2012.02.29"]
[SourceVersion "1"]
[SourceVersionDate "2012.02.29"]
[SourceQuality "1"]

1. e4 c6 2. d4 d5 3. e5 Bf5 4. Nd2 e6 5. Nb3 Nd7 6. Nf3 Ne7 7. Be2 h6 8. 0-0 Nc8 9. a4 Be7 10. a5 a6 11. c4 dxc4 12. Nbd2 Na7 13. Nxc4 Nb5 14. Qb3 0-0 15. Rd1 Qc7 16. Bf4 Rfd8 17. Qe3 b6 18. Bxh6 gxh6 19. Qxh6 bxa5 20. Ne3 Nf8 21. Nxf5 exf5 22. Bc4 Rd5 23. Ng5 Qd7 24. Rd3 Bxg5 25. Qxg5+ Ng6 26. h4 Qe7 27. Qxf5 Nxd4 28. Rxd4 Rxd4 29. Qxg6+ Kf8 30. Qh6+ Kg8 31. Qxc6 Rad8 32. Qg6+ Kf8 33. Qh6+ Kg8 34. Ra3 Rg4 35. Rg3 Rd1+ 36. Kh2 Qxe5 37. Qe3 Qc7 38. Bxf7+ Kh7 39. Be6 Rxh4+ 40. Bh3 Rdd4 41. Kg1 Rd1+ 42. Kh2 Rdd4 43. Kg1 1/2-1/2

[Event "Moscow op-A"]
[Site "Moscow"]
[Date "2012.01.30"]
[Round "3"]
[White "Ozolin, Maxim"]
[Black "Kerigan, Demre"]
[Result "0-1"]
[WhiteElo "2375"]
[BlackElo "2184"]
[PlyCount "62"]
[EventDate "2012.01.28"]
[EventType "swiss"]
[EventRounds "9"]
[EventCountry "RUS"]
[SourceTitle "CBM 146 Extra"]
[Source "ChessBase"]
[SourceDate "2012.02.29"]
[SourceVersion "1"]
[SourceVersionDate "2012.02.29"]
[SourceQuality "1"]

1. e4 d6 2. d4 Nf6 3. Nc3 g6 4. f3 c6 5. g4 h5 6. g5 Nfd7 7. f4 Bg7 8. Nf3 b5 9. Bg2 Nb6 10. 0-0 0-0 11. a4 bxa4 12. Nxa4 N8d7 13. Nh4 Ba6 14. Rf2 Nxa4 15. Rxa4 Qb6 16. c3 c5 17. e5 d5 18. f5 cxd4 19. cxd4 Rac8 20. f6 exf6 21. gxf6 Nxf6 22. exf6 Bxf6 23. Nf3 Rfe8 24. Bg5 Bg7 25. Qd2 Bb5 26. Ra1 Re4 27. Bh6 Bh8 28. Ng5 Rxd4 29. Bxd5 Bf6 30. Qa5 Rg4+ 31. Kh1 Qxa5 0-1

[Event "Moscow op-A"]
[Site "Moscow"]
[Date "2012.01.29"]
[Round "2"]
[White "Petrukhina, Irina"]
[Black "Ozolin, Maxim"]
[Result "1/2-1/2"]
[WhiteElo "2202"]
[BlackElo "2375"]
[PlyCount "87"]
[EventDate "2012.01.28"]
[EventType "swiss"]
[EventRounds "9"]
[EventCountry "RUS"]
[SourceTitle "CBM 146 Extra"]
[Source "ChessBase"]
[SourceDate "2012.02.29"]
[SourceVersion "1"]
[SourceVersionDate "2012.02.29"]
[SourceQuality "1"]

1. d4 Nf6 2. c4 g6 3. Nc3 Bg7 4. e4 d6 5. Nf3 0-0 6. Be2 e5 7. 0-0 Nc6 8. d5 Ne7 9. b4 a5 10. Ba3 axb4 11. Bxb4 Nd7 12. a4 Bh6 13. a5 f5 14. Bd3 Kh8 15. Re1 Nf6 16. c5 fxe4 17. cxd6 cxd6 18. Nxe4 Nxe4 19. Bxe4 Bf5 20. Qb3 Ng8 21. Nd2 Bxd2 22. Bxd2 Bxe4 23. Rxe4 Nf6 24. Ree1 Ng4 25. Re2 Qh4 26. h3 Nxf2 27. Qe3 Nxh3+ 28. gxh3 Rf5 29. Rf1 Raf8 30. Ref2 Qc4 31. Rxf5 gxf5 32. Qf3 f4 33. Kh2 Rg8 34. Be1 Qa2+ 35. Kh1 Rg6 36. Rg1 Qb1 37. Bf2 Qc2 38. Rxg6 hxg6 39. Kg2 Kg7 40. Qg4 Qe4+ 41. Qf3 Qc4 42. h4 Kh6 43. Kh3 Qc2 44. Kh2 1/2-1/2

[Event "Moscow op-A"]
[Site "Moscow"]
[Date "2012.01.28"]
[Round "1"]
[White "Ozolin, Maxim"]
[Black "Volkov, Sergey"]
[Result "0-1"]
[WhiteElo "2375"]
[BlackElo "2633"]
[PlyCount "118"]
[EventDate "2012.01.28"]
[EventType "swiss"]
[EventRounds "9"]
[EventCountry "RUS"]
[SourceTitle "CBM 146 Extra"]
[Source "ChessBase"]
[SourceDate "2012.02.29"]
[SourceVersion "1"]
[SourceVersionDate "2012.02.29"]
[SourceQuality "1"]

1. e4 e6 2. d4 d5 3. Nc3 Nf6 4. Bg5 Bb4 5. e5 h6 6. Bd2 Bxc3 7. bxc3 Ne4 8. Qg4 Kf8 9. Bd3 Nxd2 10. Kxd2 c5 11. Nf3 c4 12. Be2 b5 13. h4 Nc6 14. a3 a5 15. h5 Ra7 16. Qf4 Qe7 17. Qe3 Bd7 18. Rhb1 Rb7 19. g3 Ke8 20. Nh4 Kd8 21. f4 Kc7 22. f5 b4 23. axb4 axb4 24. cxb4 Rxb4 25. Rxb4 Qxb4+ 26. Qc3 Qb6 27. Nf3 exf5 28. Qa3 Be6 29. Qd6+ Kb7 30. Kc1 Rd8 31. Qa3 Kc7 32. Rb1 Qa7 33. Qxa7+ Nxa7 34. Kd2 Nc6 35. Ra1 Rb8 36. Kc3 Rb7 37. Nh4 Na7 38. Kd2 Nb5 39. c3 Ra7 40. Rxa7+ Nxa7 41. Bf3 Nc8 42. Ng2 Ne7 43. Ne3 g5 44. Kc1 Kd7 45. Kb2 Ke8 46. Ka3 g4 47. Bg2 f4 48. gxf4 g3 49. Kb4 Nf5 50. Nxf5 Bxf5 51. Bxd5 Bh3 52. Kxc4 Be6 53. Kd3 Bxd5 54. Ke3 Kd7 55. f5 Kc6 56. Ke2 Kb5 57. e6 Bxe6 58. Kf3 Bd5+ 59. Kxg3 f6 0-1

[Event "Izhevsk Udmurtia-ch"]
[Site "Izhevsk"]
[Date "2011.12.10"]
[Round "11"]
[White "Ozolin, Maxim"]
[Black "Kozionov, Kirill"]
[Result "0-1"]
[WhiteElo "2373"]
[BlackElo "2208"]
[PlyCount "68"]
[EventDate "2011.12.02"]
[EventType "swiss"]
[EventRounds "11"]
[EventCountry "RUS"]
[SourceTitle "CBM 146 Extra"]
[Source "ChessBase"]
[SourceDate "2012.02.29"]
[SourceVersion "1"]
[SourceVersionDate "2012.02.29"]
[SourceQuality "1"]

1. d4 Nf6 2. c4 c6 3. Nc3 d5 4. Nf3 dxc4 5. a4 e6 6. e3 c5 7. Bxc4 Nc6 8. 0-0 cxd4 9. exd4 Be7 10. Be3 0-0 11. Qe2 Nb4 12. Ne5 Nfd5 13. Rad1 Bd7 14. f4 Rc8 15. Rf3 Nxc3 16. bxc3 Nd5 17. Rh3 Bxa4 18. Ra1 b5 19. Bd3 f5 20. c4 Nxf4 21. Qf3 Nxh3+ 22. gxh3 Bf6 23. cxb5 Bxe5 24. Rxa4 Rc3 25. Qe2 f4 26. Bd2 Bxd4+ 27. Kf1 Qd5 28. Be4 f3 29. Bxd5 fxe2+ 30. Kxe2 exd5 31. Rxd4 Rc5 32. Ra4 Rf7 33. Be3 Rxb5 34. Bxa7 Rb2+ 0-1

[Event "Izhevsk Udmurtia-ch"]
[Site "Izhevsk"]
[Date "2011.12.04"]
[Round "4"]
[White "Bronnikov, Konstantin Alexandr"]
[Black "Ozolin, Maxim"]
[Result "0-1"]
[WhiteElo "2233"]
[BlackElo "2373"]
[PlyCount "74"]
[EventDate "2011.12.02"]
[EventType "swiss"]
[EventRounds "11"]
[EventCountry "RUS"]
[SourceTitle "CBM 146 Extra"]
[Source "ChessBase"]
[SourceDate "2012.02.29"]
[SourceVersion "1"]
[SourceVersionDate "2012.02.29"]
[SourceQuality "1"]

1. e4 c5 2. Nf3 e6 3. d4 cxd4 4. Nxd4 a6 5. Nc3 Ne7 6. Be2 Nec6 7. Nxc6 Nxc6 8. Bf4 d6 9. Qd2 Be7 10. 0-0-0 Ne5 11. Be3 Qc7 12. b3 0-0 13. f4 Nd7 14. g4 b5 15. Bf3 Bb7 16. Ne2 Nf6 17. Ng3 d5 18. e5 Nd7 19. Bd4 Rfc8 20. Kb1 a5 21. c3 Nc5 22. f5 Bf8 23. Rhe1 b4 24. cxb4 axb4 25. Bxc5 Bxc5 26. f6 g6 27. Rc1 Qa5 28. Rc2 Bf8 29. Rec1 Rc3 30. Rxc3 bxc3 31. Rxc3 d4 32. Rd3 Qxd2 33. Rxd2 Bxf3 34. Rxd4 Ba3 35. Kc2 Rc8+ 36. Kd3 Bb2 37. Rf4 Bd5 0-1

[Event "Izhevsk Corporation Cup-A 3rd"]
[Site "Izhevsk"]
[Date "2011.07.22"]
[Round "7"]
[White "Yaksin, Oleg"]
[Black "Ozolin, Maxim"]
[Result "1/2-1/2"]
[WhiteElo "2414"]
[BlackElo "2381"]
[PlyCount "80"]
[EventDate "2011.07.15"]
[EventType "swiss"]
[EventRounds "9"]
[EventCountry "RUS"]
[SourceTitle "CBM 143 Extra"]
[Source "ChessBase"]
[SourceDate "2011.08.29"]
[SourceVersion "1"]
[SourceVersionDate "2011.08.29"]
[SourceQuality "1"]

1. d4 Nf6 2. c4 g6 3. Nf3 Bg7 4. g3 d5 5. cxd5 Nxd5 6. Bg2 Nb6 7. Nc3 Nc6 8. e3 0-0 9. 0-0 Re8 10. Re1 a5 11. Qe2 e5 12. dxe5 Nxe5 13. Nxe5 Bxe5 14. Bd2 c6 15. Rad1 Be6 16. f4 Bg7 17. e4 Nc4 18. Be3 Qe7 19. Bc1 Qc5+ 20. Kh1 Bxc3 21. bxc3 Rad8 22. Rxd8 Rxd8 23. f5 gxf5 24. Qh5 f6 25. g4 Qf2 26. Rf1 Qe2 27. h3 Nd2 28. Bxd2 Rxd2 29. Rg1 Kg7 30. e5 Bd5 31. exf6+ Kxf6 32. Qh4+ Kg7 33. Qg5+ Kf8 34. Qxf5+ Ke7 35. Qxh7+ Kd6 36. Qh6+ Kd7 37. Qg7+ Kc8 38. Qf8+ Kd7 39. Qg7+ Ke8 40. Qh8+ Kd7 1/2-1/2

[Event "Izhevsk Corporation Cup-A 3rd"]
[Site "Izhevsk"]
[Date "2011.07.16"]
[Round "2"]
[White "Ozolin, Maxim"]
[Black "Bezzubenkov, Sergej"]
[Result "1/2-1/2"]
[WhiteElo "2381"]
[BlackElo "2118"]
[PlyCount "97"]
[EventDate "2011.07.15"]
[EventType "swiss"]
[EventRounds "9"]
[EventCountry "RUS"]
[SourceTitle "CBM 143 Extra"]
[Source "ChessBase"]
[SourceDate "2011.08.29"]
[SourceVersion "1"]
[SourceVersionDate "2011.08.29"]
[SourceQuality "1"]

1. d4 Nf6 2. c4 g6 3. Nc3 d5 4. cxd5 Nxd5 5. e4 Nxc3 6. bxc3 Bg7 7. Be3 c5 8. Qd2 Qa5 9. Rc1 0-0 10. Nf3 Bg4 11. Ng5 Nc6 12. h3 cxd4 13. cxd4 Qxd2+ 14. Kxd2 Bd7 15. d5 Nd4 16. Rc7 Rfd8 17. Rxb7 Rab8 18. Rxb8 Rxb8 19. Bc4 Ba4 20. Bxd4 Bxd4 21. Kd3 Bxf2 22. Rf1 Rb2 23. e5 h6 24. Ne4 Bb6 25. d6 e6 26. Nd2 Ba5 27. Nb3 Bxb3 28. Bxb3 Rd2+ 29. Ke4 Re2+ 30. Kf3 Rxe5 31. Rc1 Kg7 32. Rc8 Bb6 33. g4 Re3+ 34. Kg2 Rd3 35. Rc6 Kf6 36. Bc4 Rd4 37. Kf3 Ke5 38. h4 g5 39. hxg5 hxg5 40. Bb3 Rd3+ 41. Ke2 Rd4 42. Kf3 Rd2 43. Bc4 Bg1 44. Bb3 f5 45. d7 Rf2+ 46. Ke3 Rc2+ 47. Kf3 Rf2+ 48. Ke3 Rc2+ 49. Kf3 1/2-1/2

[Event "Moscow op-E"]
[Site "Moscow"]
[Date "2011.02.06"]
[Round "9.28"]
[White "Ozolin, Maxim"]
[Black "Nechepurenko, Roman V"]
[Result "1/2-1/2"]
[WhiteElo "2363"]
[BlackElo "2546"]
[PlyCount "135"]
[EventDate "2011.01.29"]
[EventType "swiss"]
[EventRounds "9"]
[EventCountry "RUS"]
[SourceTitle "EXT 2022"]
[Source "ChessBase"]
[SourceDate "2021.10.06"]
[SourceVersion "1"]
[SourceVersionDate "2021.10.06"]
[SourceQuality "1"]

1. e4 d6 2. d4 Nf6 3. Nc3 e5 4. Nf3 Nbd7 5. Bc4 Be7 6. 0-0 c6 7. a4 Qc7 8. Qe2 h6 9. Rd1 Nf8 10. h3 Ng6 11. Be3 0-0 12. dxe5 dxe5 13. Nh2 b6 14. Nf1 Nf4 15. Bxf4 exf4 16. e5 Nh7 17. Qe4 f3 18. Qxf3 Qxe5 19. Qxc6 Bf5 20. Re1 Qc5 21. Nd5 Bd6 22. Qxc5 Bxc5 23. Ne7+ Bxe7 24. Rxe7 Bxc2 25. Ne3 Bg6 26. Bd5 Rfe8 27. Rc7 Rad8 28. Rxa7 Rxe3 29. fxe3 Rxd5 30. Ra8+ Nf8 31. Rc1 Bf5 32. Rc4 Rd1+ 33. Kh2 g5 34. Rd4 Rxd4 35. exd4 Kg7 36. b4 Be4 37. Rd8 Ne6 38. Rd6 b5 39. a5 Kf8 40. a6 Ke7 41. Rb6 Nxd4 42. a7 h5 43. Rb8 h4 44. Kg1 f5 45. Kf2 Kf7 46. a8Q Bxa8 47. Rxa8 Kf6 48. Rc8 Ke5 49. Ke3 Ne6 50. Rb8 Nd4 51. Kd3 g4 52. Rh8 Nc6 53. hxg4 Nxb4+ 54. Ke2 fxg4 55. Rxh4 Kf4 56. Rh5 Nc6 57. Rc5 Nd4+ 58. Kd3 Nf5 59. Rxb5 Nh4 60. Rb2 Kg3 61. Ke4 Nxg2 62. Rb3+ Kf2 63. Rb2+ Kg3 64. Rb3+ Kf2 65. Kf5 g3 66. Kg4 Ne3+ 67. Rxe3 Kxe3 68. Kxg3 1/2-1/2

[Event "RUS Cup tt"]
[Site "Izhevsk"]
[Date "2010.11.22"]
[Round "3"]
[White "Ozolin, Maxim"]
[Black "Potapov, Pavel"]
[Result "1/2-1/2"]
[WhiteElo "2389"]
[BlackElo "2464"]
[PlyCount "44"]
[EventDate "2010.11.20"]
[EventType "team-tourn"]
[EventRounds "5"]
[EventCountry "RUS"]
[SourceTitle "CBM 139 Extra"]
[Source "ChessBase"]
[SourceDate "2011.01.05"]
[SourceVersion "1"]
[SourceVersionDate "2011.01.05"]
[SourceQuality "1"]

1. e4 c5 2. Nf3 Nc6 3. d4 cxd4 4. Nxd4 e5 5. Nb5 d6 6. c4 Be7 7. N1c3 a6 8. Na3 f5 9. exf5 Bxf5 10. Bd3 Be6 11. 0-0 Nf6 12. Nc2 0-0 13. b3 Qd7 14. Nd5 Bd8 15. Bb2 Rc8 16. Nxf6+ Rxf6 17. Be4 Bb6 18. Qd3 Bf5 19. Bxf5 Rxf5 20. Ne3 Rf7 21. Nd5 Bc5 22. Bc1 Rcf8 1/2-1/2

[Event "Izhevsk op-A"]
[Site "Izhevsk"]
[Date "2010.07.23"]
[Round "9"]
[White "Dzhumaev, Marat"]
[Black "Ozolin, Maxim"]
[Result "1-0"]
[WhiteElo "2484"]
[BlackElo "2397"]
[PlyCount "49"]
[EventDate "2010.07.15"]
[EventType "swiss"]
[EventRounds "9"]
[EventCountry "RUS"]
[SourceTitle "CBM 137 Extra"]
[Source "ChessBase"]
[SourceDate "2010.09.01"]
[SourceVersion "1"]
[SourceVersionDate "2010.09.01"]
[SourceQuality "1"]

1. e4 c5 2. Nf3 d6 3. d4 cxd4 4. Nxd4 Nf6 5. Nc3 a6 6. Be3 Ng4 7. Bc1 Nf6 8. f3 Qb6 9. Bc4 e6 10. Bb3 Nbd7 11. Be3 Qc7 12. g4 Nc5 13. g5 Nfd7 14. a4 g6 15. Ba2 Qa5 16. 0-0 h6 17. f4 hxg5 18. f5 Ne5 19. fxe6 fxe6 20. Bxg5 Bg7 21. Ndb5 d5 22. b4 Qxb4 23. Nxd5 exd5 24. Qxd5 Ne6 25. Nc7+ 1-0

[Event "Izhevsk op-A"]
[Site "Izhevsk"]
[Date "2010.07.19"]
[Round "5"]
[White "Amonatov, Farrukh"]
[Black "Ozolin, Maxim"]
[Result "1-0"]
[WhiteElo "2608"]
[BlackElo "2397"]
[PlyCount "73"]
[EventDate "2010.07.15"]
[EventType "swiss"]
[EventRounds "9"]
[EventCountry "RUS"]
[SourceTitle "CBM 137 Extra"]
[Source "ChessBase"]
[SourceDate "2010.09.01"]
[SourceVersion "1"]
[SourceVersionDate "2010.09.01"]
[SourceQuality "1"]

1. e4 c5 2. Nf3 e6 3. d4 cxd4 4. Nxd4 Nc6 5. Nc3 Qc7 6. Be3 a6 7. Qd2 Nf6 8. 0-0-0 Be7 9. f3 0-0 10. g4 b5 11. g5 Ne8 12. Kb1 Na5 13. h4 Rb8 14. h5 d5 15. exd5 e5 16. Nc6 Nxc6 17. dxc6 Be6 18. Bh3 Rd8 19. Qg2 Qxc6 20. Rxd8 Bxh3 21. Qxh3 Bxd8 22. Rd1 Nd6 23. g6 Nc4 24. gxf7+ Kxf7 25. Bc1 Kg8 26. h6 g6 27. b3 Nb6 28. Ba3 Re8 29. Rd6 Qxc3 30. Rxd8 Qc6 31. Rd6 Qc7 32. Qg4 Kf7 33. f4 a5 34. f5 b4 35. fxg6+ Kg8 36. gxh7+ Kh8 37. Bb2 1-0

[Event "Izhevsk op-A"]
[Site "Izhevsk"]
[Date "2010.07.17"]
[Round "3"]
[White "Vaseptsov, Maxim"]
[Black "Ozolin, Maxim"]
[Result "0-1"]
[WhiteElo "2156"]
[BlackElo "2397"]
[PlyCount "160"]
[EventDate "2010.07.15"]
[EventType "swiss"]
[EventRounds "9"]
[EventCountry "RUS"]
[SourceTitle "CBM 137 Extra"]
[Source "ChessBase"]
[SourceDate "2010.09.01"]
[SourceVersion "1"]
[SourceVersionDate "2010.09.01"]
[SourceQuality "1"]

1. e4 c5 2. Nf3 d6 3. d4 cxd4 4. Nxd4 Nf6 5. Nc3 a6 6. Bg5 e6 7. f4 Qb6 8. Qd3 Nc6 9. Bxf6 gxf6 10. Nb3 Bd7 11. Be2 h5 12. Rf1 Rc8 13. 0-0-0 Nb4 14. Qh3 a5 15. Kb1 a4 16. Nd4 a3 17. Bb5 Nc6 18. Na4 Qa7 19. Qb3 axb2 20. f5 e5 21. Ne2 Be7 22. Nec3 Kf8 23. Nd5 Na5 24. Qb4 Bxb5 25. Qxb5 Rc6 26. Nab6 Qa6 27. Qb4 Nc4 28. Nd7+ Kg7 29. Rf3 Ra8 30. Rg3+ Kh6 31. a3 Nxa3+ 32. Rxa3 Qxa3 33. Qxa3 Rxa3 34. Kxb2 Ra4 35. Nxe7 Rb4+ 36. Kc1 Ra6 37. Rd3 Rxe4 38. Nxf6 Ra1+ 39. Kb2 Rea4 40. Rxd6 R1a2+ 41. Kc3 Kg5 42. Kd3 R4a3+ 43. Kd2 Ra6 44. Ne4+ Kf4 45. Kd3 R6a3+ 46. c3 Rxg2 47. Nd5+ Kf3 48. h4 Rg4 49. Ng5+ Kf2 50. Nf6 Rg3+ 51. Ke4 Re3+ 52. Kd5 Ra5+ 53. Kc4 Ra4+ 54. Kd5 Ra5+ 55. Kc4 Ra4+ 56. Kb3 Rxh4 57. Rd2+ Re2 58. Nfe4+ Ke3 59. Rxe2+ Kxe2 60. Ng3+ Ke3 61. Nxf7 Kf4 62. Ne2+ Kxf5 63. Nd6+ Ke6 64. Nxb7 Rg4 65. Nc5+ Kd6 66. Nd3 h4 67. c4 h3 68. c5+ Ke6 69. Nf2 h2 70. Nc1 Rg3+ 71. Kc4 Rg1 72. Ncd3 h1Q 73. Nxh1 Rxh1 74. Kb5 Rb1+ 75. Kc6 e4 76. Nf4+ Ke5 77. Ne2 Rb2 78. Nc3 Rc2 79. Nb5 e3 80. Na3 Rc1 0-1

[Event "Voronezh op-A 14th"]
[Site "Voronezh"]
[Date "2010.06.21"]
[Round "9"]
[White "Ozolin, Maxim"]
[Black "Gubaydulin, Talgat"]
[Result "0-1"]
[WhiteElo "2398"]
[BlackElo "2298"]
[PlyCount "68"]
[EventDate "2010.06.12"]
[EventType "swiss"]
[EventRounds "9"]
[EventCountry "RUS"]
[SourceTitle "CBM 137 Extra"]
[Source "ChessBase"]
[SourceDate "2010.09.01"]
[SourceVersion "1"]
[SourceVersionDate "2010.09.01"]
[SourceQuality "1"]

1. e4 c5 2. Nf3 d6 3. d4 cxd4 4. Nxd4 Nf6 5. Nc3 a6 6. Be3 e6 7. f3 b5 8. Qd2 Nbd7 9. g4 Nb6 10. g5 Nfd7 11. a4 Nc4 12. Bxc4 bxc4 13. a5 Bb7 14. h4 Rc8 15. h5 Nc5 16. Qg2 Be7 17. Ke2 Qd7 18. Qg4 f6 19. g6 h6 20. Rhc1 0-0 21. Qh3 f5 22. b4 cxb3 23. cxb3 Bf6 24. Rab1 Bxd4 25. Bxd4 fxe4 26. fxe4 Nxe4 27. Nxe4 Bxe4 28. Rxc8 Qxc8 29. Rc1 Qd7 30. Kd2 Qe7 31. Rc7 Qxc7 32. Qxe6+ Kh8 33. Qxe4 Qxa5+ 34. Bc3 Qg5+ 0-1